Volcanoes! / (Record no. 1353)

MARC details
000 -LEADER
fixed length control field 01505cam a2200289 a 4500
005 - DATE AND TIME OF LATEST TRANSACTION
control field 20240731150332.0
020 ## - INTERNATIONAL STANDARD BOOK NUMBER
International Standard Book Number 9781426302855 (trade paper : alk. paper)
020 ## - INTERNATIONAL STANDARD BOOK NUMBER
International Standard Book Number 9781426302879 (library : alk. paper)
020 ## - INTERNATIONAL STANDARD BOOK NUMBER
International Standard Book Number 9780545112765
040 ## - CATALOGING SOURCE
Original cataloging agency DLC
Transcribing agency DLC
Modifying agency DLC
050 00 - LIBRARY OF CONGRESS CALL NUMBER
Classification number QE521.3
Item number .S34 2008
082 00 - DEWEY DECIMAL CLASSIFICATION NUMBER
Classification number 551.21
Edition number 22
100 1# - MAIN ENTRY--PERSONAL NAME
Personal name Schreiber, Anne
245 10 - TITLE STATEMENT
Title Volcanoes! /
Statement of responsibility, etc. Anne Schreiber
260 ## - PUBLICATION, DISTRIBUTION, ETC.
Place of publication, distribution, etc. Washington, D.C. :
Name of publisher, distributor, etc. National Geographic,
Date of publication, distribution, etc. 2008.
300 ## - PHYSICAL DESCRIPTION
Extent 31 pages :
Other physical details color illustrations, map ;
Dimensions 23 cm
490 0# - SERIES STATEMENT
Series statement National geographic kids science readers series
505 0# - FORMATTED CONTENTS NOTE
Formatted contents note M
505 0# - FORMATTED CONTENTS NOTE
Formatted contents note Mountains of fire -- Hot rocks -- Shaky plates -- An island is born -- The ring of fire -- Meet a volcano...or three -- The true story of Crater Lake -- Volcanoes rock -- Volcanic record breakers -- Hot spots -- Exploding ending -- Picture glossary.
520 ## - SUMMARY, ETC.
Summary, etc. The cool story of volcanoes will intrigue kids and adults alike. Hot melted rock from the middle of our planet forces its way up through cracks in the Earth’s crusts, exploding violently and sometimes unexpectedly in volcanic fury that can terrorize populations for months, even years. Anne Schreiber’s narrative gives readers a little of the science, a little of the history, and a lot of the action.
521 ## - TARGET AUDIENCE NOTE
Target audience note 710 <br/>
Source Lexile NC
521 ## - TARGET AUDIENCE NOTE
Target audience note M <br/>
Source Raz-Plus
650 #0 - SUBJECT ADDED ENTRY--TOPICAL TERM
Topical term or geographic name entry element Volcanoes
Form subdivision Juvenile literature.
906 ## - LOCAL DATA ELEMENT F, LDF (RLIN)
a 7
b cbc
c orignew
d 1
e ecip
f 20
g y-gencatlg
942 ## - ADDED ENTRY ELEMENTS (KOHA)
Source of classification or shelving scheme Dewey Decimal Classification
Koha item type Books
Suppress in OPAC No
999 ## -
-- 1353
-- 1353
Holdings
Withdrawn status Lost status Source of classification or shelving scheme Damaged status Not for loan Collection Home library Current library Shelving location Date acquired Total Checkouts Full call number Barcode Date due Date last seen Date last checked out Copy number Price effective from Koha item type
    Dewey Decimal Classification     Non-Fiction Footprints International School Library Network Toul Kork Campus Footprints International School Library Network Toul Kork Campus TK Primary Library Room(4th Floor), Bookcase 5&6, Shelves 33-56, Orange Books 08/21/2023 2 SCH 551.21 QE521.3 .S34 2008 FISBK02669 12/23/2025 12/09/2025 12/09/2025 1 08/21/2023 Books
    Dewey Decimal Classification     Non-Fiction Footprints International School Library Network Toul Kork Campus Footprints International School Library Network Toul Kork Campus TK Primary Library Room(4th Floor), Bookcase 5&6, Shelves 33-56, Orange Books 07/31/2024 1 SCH 551.21 QE521.3 .S34 2008 FISTK00809   04/03/2026 03/20/2026 2 07/31/2024 Books